First United States Army ; report of operations, 20 October 1943-1 August 1944.

Bibliographic Details
Corporate Author: United States. Army. Army, 1st
Format: Book
Language:English
Published: [Washington] : [U.S. Govt. Print. Off], [1945]
Subjects:

MARC

Tag First Indicator Second Indicator Subfields
LEADER 00000cam a22000005 4500
001 in00001402034
005 20151020053018.0
008 840911s1945 dcuabcf f000 0 eng d
035 |a (OCoLC)11139509 
035 |9 AHM6717AM 
040 |a AAU  |c AAU  |d OCL  |d TXA  |d UtOrBLW 
049 |a TXAM 
092 |a 940.542  |b U581f 
110 1 |a United States.  |b Army.  |b Army, 1st. 
245 1 0 |a First United States Army ;  |b report of operations, 20 October 1943-1 August 1944. 
264 1 |a [Washington] :  |b [U.S. Govt. Print. Off],  |c [1945] 
300 |a 7 volumes :  |b plates, portraits, maps (part folded) diagrams (part folded) tables (part folded) ;  |c 34 cm. 
336 |a text  |b txt  |2 rdacontent 
337 |a unmediated  |b n  |2 rdamedia 
338 |a volume  |b nc  |2 rdacarrier 
500 |a Maps on lining papers. 
500 |a Part of illustrative material is colored. 
536 |a 2nd Cushing Library set (incomplete) is donated by the Alan Mathis Memorial History Collection. 
536 |a Evans copy: The Alan Mathis Memorial Military History Collection, 1997. 
610 1 0 |a United States.  |b Army.  |b Army, 1st. 
999 |a MARS 
999 f f |s ab7a9149-7086-3969-9b1a-82be040e79e2  |i 8ff43cc1-8f51-3a54-a8c6-d06b44dad9d3  |t 0 
952 f f |p noncirc  |a Texas A&M University  |b College Station  |c Cushing Memorial Library & Archives  |d Cushing: Ragan Military (Does not check out)  |t 0  |e UA27.3 1st .A48  |h Library of Congress classification  |i unmediated -- volume 
952 f f |p noncirc  |a Texas A&M University  |b College Station  |c Cushing Memorial Library & Archives  |d Cushing: Ragan Military (Does not check out)  |t 0  |e UA27.3 1st .A48  |h Library of Congress classification  |i unmediated -- volume 
952 f f |p normal  |a Texas A&M University  |b College Station  |c Sterling C. Evans Library  |d Evans: Library Stacks  |t 0  |e UA27.3 1st .A48  |h Library of Congress classification  |i unmediated -- volume  |k bk.1  |m A14824211248 
998 f f |a UA27.3 1st .A48  |s bk.1  |t 0  |l Evans: Library Stacks 
998 f f |a UA27.3 1st .A48  |s bk.1-bk.7  |t 0  |l Cushing: Ragan Military (Does not check out) 
998 f f |a UA27.3 1st .A48  |s bk.2-bk.7  |t 0  |l Cushing: Ragan Military (Does not check out)